[Event "Sachsen-Anhalt Landesliga-B 1920"]
[Site "Sachsen Anhalt"]
[Date "2019.09.29"]
[Round "1.7"]
[White "Poetsch, Thomas"]
[Black "Nicolaus, Volker"]
[Result "1/2-1/2"]
[WhiteElo "1523"]
[BlackElo "1501"]
[PlyCount "98"]
[EventDate "2019.09.29"]
[EventType "team-tourn"]
[EventRounds "9"]
[EventCountry "GER"]
[SourceTitle "EXT 2023"]
[Source "ChessBase"]
[SourceDate "2022.10.05"]
[SourceVersion "1"]
[SourceVersionDate "2022.10.05"]
[SourceQuality "1"]
[WhiteTeam "Coethen Germania II"]
[BlackTeam "Bad Schmiedeberg"]
[WhiteTeamCountry "GER"]
[BlackTeamCountry "GER"]

1. e4 c5 2. Nf3 Nc6 3. d4 cxd4 4. Nxd4 a6 5. Nc3 d6 6. Be2 Nf6 7. Be3 Nxd4 8. Bxd4 e5 9. Be3 Be7 10. 0-0 Be6 11. f3 Qa5 12. a3 0-0 13. b4 Qc7 14. Na4 b5 15. Nb2 Qc3 16. Qc1 Rfc8 17. Bd3 d5 18. Nd1 Qc6 19. Nf2 d4 20. Bd2 Nd7 21. f4 f6 22. f5 Bf7 23. g4 Nb6 24. Nh3 Nc4 25. Rf2 Nxd2 26. Qxd2 Qc3 27. Qd1 Be8 28. Rg2 h6 29. Nf2 a5 30. Rg3 axb4 31. Bxb5 Qxc2 32. Qxc2 Rxc2 33. Bxe8 Rxe8 34. axb4 Bxb4 35. Rb1 Bd2 36. Nd1 Rec8 37. Rgb3 Bf4 38. h3 Re2 39. Kf1 Rxe4 40. Nf2 Re3 41. Rxe3 dxe3 42. Ne4 Rc4 43. Nd6 Rd4 44. Nb5 Rd2 45. Nc3 Rf2+ 46. Ke1 Rh2 47. Rb8+ Kf7 48. Ne4 Rxh3 49. Rb7+ Ke8 1/2-1/2